header

Basic skills for nursing assistants in long-term care / (Record no. 251255)

MARC details
000 -LEADER
fixed length control field 01568cam a2200445 a 4500
001 - CONTROL NUMBER
control field 17146593
003 - CONTROL NUMBER IDENTIFIER
control field OSt
005 - DATE AND TIME OF LATEST TRANSACTION
control field 20200609124401.0
008 - FIXED-LENGTH DATA ELEMENTS--GENERAL INFORMATION
fixed length control field 120202s2005 mouac 001 0 eng c
010 ## - LIBRARY OF CONGRESS CONTROL NUMBER
LC control number 2012359575
016 7# - NATIONAL BIBLIOGRAPHIC AGENCY CONTROL NUMBER
Record control number 101239785
Source DNLM
020 ## - INTERNATIONAL STANDARD BOOK NUMBER
International Standard Book Number 0323022030
International Standard Book Number 9780323022033
035 ## - SYSTEM CONTROL NUMBER
System control number (OCoLC)ocm58534013
040 ## - CATALOGING SOURCE
Original cataloging agency DNLM
Transcribing agency NLM
Modifying agency SEA
-- BAKER
-- YDXCP
-- CGC
-- Q3H
-- BTCTA
-- ILC
-- OCLCQ
-- B9E
-- DLC
042 ## - AUTHENTICATION CODE
Authentication code pcc
050 00 - LIBRARY OF CONGRESS CALL NUMBER
Classification number RT120.L64
Item number S67 2005
060 00 - NATIONAL LIBRARY OF MEDICINE CALL NUMBER
Classification number 2005 B-427
Classification number WY 152
Item number S714b 2005
082 00 - DEWEY DECIMAL CLASSIFICATION NUMBER
Classification number 610.73/6
Edition number 23
100 1# - MAIN ENTRY--PERSONAL NAME
Personal name Sorrentino, Sheila A.
245 10 - TITLE STATEMENT
Title Basic skills for nursing assistants in long-term care /
Statement of responsibility, etc Sheila A. Sorrentino, Bernie Gorek.
246 30 - VARYING FORM OF TITLE
Title proper/short title Nursing assistants in long-term care
260 ## - PUBLICATION, DISTRIBUTION, ETC. (IMPRINT)
Place of publication, distribution, etc St. Louis :
Name of publisher, distributor, etc Elsevier Mosby,
Date of publication, distribution, etc c2005.
300 ## - PHYSICAL DESCRIPTION
Extent xxi, 448 p. :
Other physical details ill., ports. ;
Dimensions 28 cm. +
Accompanying material 1 CD-ROM (4 3/4 in.)
500 ## - GENERAL NOTE
General note Includes index.
General note LC copy imperfect: accompanying CD-ROM wanting.
Institution to which field applies DLC
538 ## - SYSTEM DETAILS NOTE
System details note Disc in pocket inserted at back of book. Title on disc surface: Mosby's nursing assistant CD companion. Win/Mac.
650 #0 - SUBJECT ADDED ENTRY--TOPICAL TERM
Topical term or geographic name as entry element Long-term care of the sick.
Topical term or geographic name as entry element Nurses' aides.
Topical term or geographic name as entry element Long-Term Care
General subdivision methods.
Topical term or geographic name as entry element Nurses' Aides.
Topical term or geographic name as entry element Nursing Process.
Topical term or geographic name as entry element Soins infirmiers
Topical term or geographic name as entry element Soins de longue durée
700 1# - ADDED ENTRY--PERSONAL NAME
Personal name Gorek, Bernie.
906 ## - LOCAL DATA ELEMENT F, LDF (RLIN)
a 7
b cbc
c pccadap
d 2
e ncip
f 20
g y-gencatlg
942 ## - ADDED ENTRY ELEMENTS (KOHA)
Source of classification or shelving scheme Library of Congress Classification
Koha item type Long Loan Books
Holdings
Withdrawn status Lost status Source of classification or shelving scheme Damaged status Not for loan Collection code Home library Current library Shelving location Date acquired Total Checkouts Full call number Barcode Date last seen Date checked out Price effective from Koha item type
    Library of Congress Classification     Non-fiction Rongo University Library Rongo Town Campus Library General Stacks 12/11/2015   RT120.L64 S67 2005 20157438 29/03/2016   12/11/2015 Long Loan Books
    Library of Congress Classification     Non-fiction Rongo University Library Rongo University Library General Stacks 12/11/2015 1 RT120.L64 S67 2005 20157437 22/05/2023 22/05/2023 12/11/2015 Long Loan Books
    Library of Congress Classification   Staff Collection Non-fiction Rongo University Library Rongo University Library General Stacks 16/11/2015   RT120.L64 S67 2005 20157459 22/05/2023   16/11/2015 Long Loan Books
    Library of Congress Classification     Non-fiction Rongo University Library Rongo University Library General Stacks 16/11/2015   RT120.L64 S67 2005 20157480 16/11/2015   16/11/2015 Long Loan Books
    Library of Congress Classification     Non-fiction Rongo University Library Rongo University Library General Stacks 16/11/2015   RT120.L64 S67 2005 201800915 16/11/2015   16/11/2015 Long Loan Books
    Library of Congress Classification     Non-fiction Rongo University Library Rongo University Library General Stacks 09/06/2016   RT120 .L64 S67 2005 201612898 09/06/2016   09/06/2016 Long Loan Books
    Library of Congress Classification       Rongo University Library Rongo University Library General Stacks 18/09/2019   RT120.L64 S67 2005 201901749 18/09/2019   18/09/2019 Long Loan Books
    Library of Congress Classification     Non-fiction Rongo University Library Rongo University Library General Stacks 09/06/2020 1 RT120.L64 S67 2005 2016111420 08/11/2023 03/11/2023 09/06/2020 Long Loan Books
    Library of Congress Classification       Rongo University Library Rongo University Library   09/06/2020   RT120.L64 S67 2005 2016111421 22/05/2023   09/06/2020 Long Loan Books
    Library of Congress Classification     Non-fiction Rongo University Library Rongo University Library General Stacks 09/06/2020 1 RT120.L64 S67 2005 2016111422 22/05/2023 22/05/2023 09/06/2020 Long Loan Books
    Library of Congress Classification     Non-fiction Rongo University Library Rongo University Library General Stacks 09/06/2020   RT120.L64 S67 2005 2016111423 09/06/2020   09/06/2020 Long Loan Books

© 2026 Rongo University
Contact us: librarian | system librarian | Rongo university